| 000 | 00000nas 2200000zi 4500 |
| 001 | 9.944792 |
| 003 | CaOODSP |
| 005 | 20250218081116 |
| 006 | m o d f |
| 007 | cr cn |||||||| |
| 008 | 241104c20239999oncar p o f0###b0fre|d |
| 022 | |y2817-1586 |
| 040 | |aCaOODSP|bfre|erda|cCaOODSP |
| 043 | |an-cn--- |
| 086 | 1 |aFs1-116F-PDF |
| 110 | 1 |aCanada. |bMinistère des pêches et des océans, |eauteur, |eorganisme de publication. |
| 245 | 10|a... rapport d'étape annuel sur l'accessibilité à Pêches et océans Canada ... |
| 264 | 1|aOttawa, ON : |bPêches et océans Canada = Fisheries and Oceans Canada, |c[2024]- |
| 310 | |aAnnuel |
| 336 | |atexte|btxt|2rdacontent/fre |
| 337 | |ainformatique|bc|2rdamedia/fre |
| 338 | |aressource en ligne|bcr|2rdacarrier/fre |
| 362 | 1 |aParaît depuis : 1er (2023). |
| 500 | |aPublié aussi en anglais sous le titre : Fisheries and Oceans Canada ... annual progress report on accessibility ... |
| 588 | |aDescription d'après : 1er (2023); titre de la page couverture du fichier PDF. |
| 588 | |aDernière livraison consultée : 1er (2023). |
| 610 | 16|aCanada. |bMinistère des pêches et des océans|xPlanification|vPériodiques. |
| 650 | 6|aAccessibilité aux personnes handicapées|zCanada|xPlanification|vPériodiques. |
| 650 | 6|aPersonnes handicapées|xPolitique gouvernementale|zCanada|vPériodiques. |
| 655 | 7|aPériodiques|2rvmgf |
| 775 | 08|tFisheries and Oceans Canada ... annual progress report on accessibility ...|w(CaOODSP)9.944793 |